Top 10 classement ATP 2024 - Statistiques

Statistiques générales
  • Ce quiz a été pris 58 fois
  • Le résultat moyen est 8 sur 10
Statistiques - réponses
Hint Réponse % Correct
3 Alcaraz
98%
7 Djokovic
98%
1 Sinner
98%
2 Zverev
94%
5 Medvedev
90%
6 Ruud
81%
4 Fritz
73%
8 Rublev
67%
10 Dimitrov
60%
9 De Minaur
50%
Aucun quiz correspondant
Distribution des résultats
% des personnes avec chaque résultat
Percentile par nombre de réponses
Votre historique - résultats
Vous n’avez pas pris ce quiz